| 000 | 00804nam a22002177a 4500 | ||
|---|---|---|---|
| 005 | 20180226102815.0 | ||
| 010 | _aB-664001 | ||
| 020 |
_a9788172339395 _c360.00 |
||
| 035 | _aB-664001 | ||
| 037 |
_adpl _bBook Treasure/Ven |
||
| 037 | _aDBAD/PUB | ||
| 082 | _a634.9076 | ||
| 100 | _aParthiban, K.T. | ||
| 245 |
_aObjective forestry for competitive examinations / _cby K.T.Parthiban...[et al] |
||
| 250 | _a2nd Ed. | ||
| 260 |
_aNew Delhi _bCompetition Tutor _c2015 |
||
| 270 |
_a5-B, New Pali Road, P.O.Box 91 _bJodhpur _e342001 |
||
| 300 |
_a363p. _c24cm(pbk) |
||
| 942 |
_2ddc _cEN _mOBJ _h634.9076 |
||
| 999 |
_c150162 _d150162 |
||